| 000 | 00000nam 2200000zi 4500 |
| 001 | 9.896858 |
| 003 | CaOODSP |
| 005 | 20250107144055 |
| 006 | m o d f |
| 007 | cr |n||||||||| |
| 008 | 210223e198506##oncd||| o s f00| 0|eng d |
| 040 | |aCaOODSP|beng|erda|cCaOODSP |
| 043 | |an-cn--- |
| 086 | 1 |aC23-199/1985E-PDF |
| 245 | 00|aElectronics industry performance : |bstatistical summary, 1984. |
| 264 | 1|aOttawa, Ontario : |bDepartment of Regional Industrial Expansion, Electronics and Aerospace Branch, Sector Analysis Division, |cJune 1985. |
| 300 | |a1 online resource (68 pages) : |bcharts |
| 336 | |atext|btxt|2rdacontent |
| 337 | |acomputer|bc|2rdamedia |
| 338 | |aonline resource|bcr|2rdacarrier |
| 500 | |aDigitized edition from print [produced by Innovation, Science and Economic Development Canada]. |
| 500 | |aIssued also in French under title: Rendement de l'industrie de l'électronique : résumé des statistiques, 1984. |
| 650 | 0|aElectronic industries|zCanada|vStatistics. |
| 655 | 7|aStatistics|2lcgft |
| 710 | 1 |aCanada. |bDepartment of Regional Industrial Expansion, |eissuing body. |
| 775 | 08|tRendement de l'industrie de l'électronique : |w(CaOODSP)9.936209 |
| 856 | 40|qPDF|s1.29 MB|uhttps://publications.gc.ca/collections/collection_2024/isde-ised/c23/C23-199-1985-eng.pdf |